BIBLIOTECA PODER JUDICIAL
Portal Judicial TDF

La libertad sindical como derecho fundamental. El caso SUTEPA y los estándares internacionales / (Registro nro. 5999)

000 -LEADER
fixed length control field 01394nab a22002657a 4500
003 - CONTROL NUMBER IDENTIFIER
control field OSt
005 - DATE AND TIME OF LATEST TRANSACTION
control field 20260115221136.0
008 - FIXED-LENGTH DATA ELEMENTS--GENERAL INFORMATION
fixed length control field 190605e xxu||||| |||| 00| 0 spa d
040 ## - CATALOGING SOURCE
Transcribing agency PJ
100 ## - MAIN ENTRY--PERSONAL NAME
9 (RLIN) 6813
Personal name Ianovsky, Verónica L.
245 13 - TITLE STATEMENT
Title La libertad sindical como derecho fundamental. El caso SUTEPA y los estándares internacionales /
Statement of responsibility, etc Verónica L. Ianovsky, Priscila Ibáñez.
260 ## - PUBLICATION, DISTRIBUTION, ETC. (IMPRINT)
Place of publication, distribution, etc Ciudad Autónoma de Buenos Aires :
Name of publisher, distributor, etc Thomson Reuters La Ley,
Date of publication, distribution, etc 2025.
300 ## - PHYSICAL DESCRIPTION
Extent p. 89-94
500 ## - GENERAL NOTE
General note Cita Online: Cita: TR LALEY AR/DOC/366/2025.
505 ## - FORMATTED CONTENTS NOTE
Formatted contents note Sumario: I. Introducción.— II. El modelo sindical argentino y las normas internacionales.— III. La controversia del caso.— IV. Conclusiones. <br/>
505 ## - FORMATTED CONTENTS NOTE
Formatted contents note Fallo comentado: CS ~ 17/09/2024 ~ Sindicato Unido de Trabajadores y Empleados del PAMI SUTEPA c. Instituto Nacional de Servicios Sociales para Jubilados y Pensionados s/ juicio.
505 ## - FORMATTED CONTENTS NOTE
Title ¿Te interesa el texto completo? Solicitalo al correo: koha@justierradelfuego.gov.ar<br/>
650 #0 - SUBJECT ADDED ENTRY--TOPICAL TERM
9 (RLIN) 4583
Topical term or geographic name as entry element DERECHOS SINDICALES
650 #0 - SUBJECT ADDED ENTRY--TOPICAL TERM
9 (RLIN) 1367
Topical term or geographic name as entry element ASOCIACIONES SINDICALES
650 #0 - SUBJECT ADDED ENTRY--TOPICAL TERM
9 (RLIN) 1461
Topical term or geographic name as entry element LIBERTAD SINDICAL
650 #0 - SUBJECT ADDED ENTRY--TOPICAL TERM
9 (RLIN) 1371
Topical term or geographic name as entry element PERSONERIA GREMIAL
700 ## - ADDED ENTRY--PERSONAL NAME
9 (RLIN) 6175
Personal name Ibañez, Priscila
773 0# - HOST ITEM ENTRY
Host Biblionumber 2711
Host Itemnumber 3168
Place, publisher, and date of publication Ciudad Autónoma de Buenos Aires : Thomson Reuters La Ley, 1999-2002.
Title Revista de derecho del trabajo. Nº 2 - Marzo 2025
942 ## - ADDED ENTRY ELEMENTS (KOHA)
Source of classification or shelving scheme
Koha item type Analítica Artículo de Revista

No hay ítems disponibles.

12 de Octubre 789 Ushuaia - Tel:  54(02901)441571
Horario de Atención: 8.00 a 17.00 hs. 
bibliotecaush@justierradelfuego.gov.ar
koha@justierradelfuego.gov.ar
Seguinos en nuestras redes @bibliojustdf 

Con tecnología Koha